|
|
|
|
| LEADER |
00000ntmaa2200000 a 4500 |
| 001 |
vtls011597271 |
| 003 |
SK-MaSNL |
| 005 |
20260302091706.0 |
| 008 |
230802i1741 xo || 000 0 lat |
| 035 |
|
|
|a urn:nbn:sk:snk-tm00cesg
|
| 035 |
|
|
|a urn:nbn:sk:snk-tm3n2jr
|
| 035 |
|
|
|a 9D6B622B-B9BF-4ACF-858B-286F987FF20A
|
| 040 |
|
|
|a SNKLA
|b slo
|c SNKLA
|e AACR2
|
| 041 |
0 |
|
|a lat
|
| 044 |
|
|
|a xo
|c SK
|
| 072 |
|
7 |
|a 27-78
|x Kresťanské združenia, spolky a organizácie. Rehoľné rády
|2 konspekt
|
| 080 |
|
|
|a 27-789.32
|2 2011
|
| 080 |
|
|
|a (0.02/.08:27-72)
|2 2011
|
| 080 |
|
|
|a 025.171
|2 2011
|
| 080 |
|
|
|a 943.76
|2 2011
|
| 080 |
|
|
|a 27-532.2/4
|2 2011
|
| 245 |
0 |
0 |
|a Series Cursus Devotionalis in hoc Conventu Szakolczensi De Compassione B.V. Mariae observari soliti ...
|
| 246 |
2 |
3 |
|a Series Cursus Devotionalis in hoc Conventu Szakolczensi De Compassione Beatae Virginis Mariae observari soliti ..
|
| 260 |
|
|
|a Szakolczae
|c 1741-1932
|
| 300 |
|
|
|a 32 strán, 7 nečíslovaných strán
|b rukopis, viazaný
|c 21 cm
|
| 500 |
|
|
|a Na konci textu úprava z r. 1776 a zápis o vidovaní knihy provinciálom Mansvetom Olšovským z roku 1932 s pečiatkou salvatoriánskej provincie na Slovensku
|
| 520 |
2 |
|
|a Denný poriadok pobožností vo františkánskom konvente v Skalici odpísaný roku 1741 z originálu pre používanie v seminári, s dodatkom nových pobožností z roku 1764
|
| 555 |
0 |
|
|a Inventár rukopisov Archívu literatúry a umenia Matice slovenskej. Rukopisy historických knižníc na Slovensku I. Martin: Matica slovenská 1992
|
| 561 |
|
|
|a Okrúhla pečiatka: Sigill. Provinciae SS. Salvatoris Ord. Fr. Min. In Slovensko 1924
|
| 600 |
1 |
|
|a Olšovský, Jozef Mansvet,
|d 1873-1935
|2 SNKLA
|9 348570
|
| 610 |
2 |
7 |
|a Františkáni (Skalica, Slovensko)
|b Salvatoriánska provincia
|2 SNKLA
|9 344815
|
| 610 |
2 |
7 |
|a Františkáni
|2 SNKKA
|9 174796
|
| 610 |
2 |
7 |
|a Františkánsky kláštor (Skalica, Slovensko)
|2 SNKLA
|9 425757
|
| 650 |
0 |
7 |
|a pobožnosti
|2 SNKPH
|9 74904
|
| 655 |
|
7 |
|a cirkevné dokumenty
|2 SNKPH
|9 179657
|
| 655 |
|
7 |
|a rukopisy
|2 SNKPH
|9 70548
|
| 752 |
|
|
|a Slovensko
|d Skalica
|
| 852 |
|
|
|a Slovenská národná knižnica
|b Literárny archív
|
| 958 |
|
|
|a ZH
|
| 958 |
|
|
|a LAVD
|
| 999 |
|
|
|c 1201731
|d 1203661
|
| 952 |
|
|
|a SNKLA
|b SNKLA
|c SNKLA_DEP
|y NEVYP
|7 0
|p 17A1192091
|o snkRHKS 438
|0 0
|1 0
|4 0
|d 2016-12-02
|f 1
|l 0
|r 2026-02-24 22:45:02
|w 2026-02-24
|